[Event "Corus C"]
[Site "Wijk aan Zee NED"]
[Date "2006.01.20"]
[Round "6"]
[White "Bensdorp,M"]
[Black "Van der Wiel,J"]
[Result "0-1"]
[WhiteElo "2230"]
[BlackElo "2505"]
[EventDate "2006.01.14"]

1. d4 Nf6 2. c4 g6 3. Nc3 Bg7 4. e4 d6 5. Bd3 Nc6 6. Nge2 Nd7 7. Bc2 e5 8.
d5 Nd4 9. Be3 Nxc2+ 10. Qxc2 O-O 11. O-O a6 12. b4 f5 13. f3 f4 14. Bf2 g5
15. c5 g4 16. fxg4 Qg5 17. Qd3 Qxg4 18. Qf3 Qg6 19. Kh1 Nf6 20. h3 Rf7 21.
Ng1 Bf8 22. Rfe1 Rg7 23. cxd6 Bxd6 24. a3 Bd7 25. Ra2 Qh6 26. Bc5 Rg3 0-1

[Event "Corus C"]
[Site "Wijk aan Zee NED"]
[Date "2006.01.20"]
[Round "6"]
[White "Werle,J"]
[Black "Jonkman,H"]
[Result "1-0"]
[WhiteElo "2514"]
[BlackElo "2470"]
[EventDate "2006.01.14"]

1. Nf3 d5 2. d4 Nf6 3. c4 dxc4 4. e3 e6 5. Bxc4 a6 6. a4 c5 7. O-O Nc6 8.
Qe2 Qc7 9. Nc3 Bd6 10. Rd1 O-O 11. h3 b6 12. d5 exd5 13. Nxd5 Nxd5 14. Bxd5
Bb7 15. b4 Rad8 16. bxc5 Bxc5 17. Bb2 Qe7 18. Qc4 Rd6 19. Qg4 Rg6 20. Qh4
Ba8 21. Rac1 Re8 22. Qf4 Bd6 23. Qf5 Bc5 24. h4 Nb4 25. Bxa8 Rxa8 26. Ng5
Bd6 27. Rxd6 Qxd6 28. Qxf7+ Kh8 29. Qc4 Rxg5 30. hxg5 Nd3 31. Qc8+ Qf8 32.
Bxg7+ Kxg7 33. Qd7+ Kg8 34. Qxd3 Qf7 35. Rc6 Rf8 36. Rf6 Qa2 37. Rxf8+ Kxf8
38. Qxh7 Qa1+ 39. Kh2 Qxa4 40. g6 Ke8 41. g7 1-0

[Event "Corus C"]
[Site "Wijk aan Zee NED"]
[Date "2006.01.20"]
[Round "6"]
[White "Atalik,E"]
[Black "Adly,A"]
[Result "1/2-1/2"]
[WhiteElo "2399"]
[BlackElo "2473"]
[EventDate "2006.01.14"]

1. d4 d5 2. c4 e6 3. Nf3 Nf6 4. g3 c6 5. Bg2 dxc4 6. Ne5 Bb4+ 7. Bd2 Na6 8.
e3 O-O 9. O-O Qc7 10. a3 Bxd2 11. Nxd2 c5 12. Ndxc4 cxd4 13. exd4 Nd5 14.
Rc1 f6 15. Nd3 Qd8 16. Ne3 Nac7 17. Qb3 b6 18. Nxd5 Nxd5 19. Rfe1 Rf7 20.
Nf4 Bb7 21. Nxe6 Qd7 22. Nc7 Nxc7 23. Bxb7 Rd8 24. Bc6 Qd6 25. Bf3 Kf8 26.
Rc6 Qd7 27. Rec1 Ne8 28. d5 Re7 29. d6 Nxd6 30. Rd1 Re6 31. Bd5 Re5 32. Bf3
Qe7 33. Qb4 Nf7 34. Rxd8+ Nxd8 35. Rc7 Qxb4 36. axb4 a5 37. bxa5 bxa5 38.
Ra7 Ne6 39. Kg2 Nd4 40. Rd7 Ne6 41. Ra7 Rc5 42. h4 Nc7 43. Rb7 Na6 44. g4
Re5 45. h5 Nb4 46. Rb8+ Kf7 47. Rb7+ Re7 48. Rb5 Re5 49. Rb7+ Re7 50. Rb5
Ra7 51. Be4 g6 52. h6 Ke7 53. f4 Kd6 54. Kf3 Kd7 55. Rb8 Kd6 56. Rg8 f5 57.
gxf5 gxf5 58. Bxf5 Rf7 59. Be4 Rf6 60. Ra8 Rxh6 61. Rxa5 Rh2 62. f5 Rxb2
63. f6 Ke6 64. Bxh7 1/2-1/2

[Event "Corus C"]
[Site "Wijk aan Zee NED"]
[Date "2006.01.21"]
[Round "7"]
[White "Marcelin,C"]
[Black "Werle,J"]
[Result "1/2-1/2"]
[WhiteElo "2441"]
[BlackElo "2514"]
[EventDate "2006.01.14"]

1. d4 Nf6 2. c4 e6 3. Nc3 Bb4 4. Qc2 d5 5. cxd5 exd5 6. Bg5 h6 7. Bxf6 Qxf6
8. a3 Bxc3+ 9. Qxc3 O-O 10. e3 c6 11. Nf3 Bf5 12. Be2 Nd7 13. O-O Rfe8 14.
b4 Rac8 15. Rfc1 Qd6 16. Nd2 Nf6 17. Qc5 Qb8 18. b5 cxb5 19. Qxb5 Rxc1+ 20.
Rxc1 Rc8 1/2-1/2

[Event "Corus C"]
[Site "Wijk aan Zee NED"]
[Date "2006.01.21"]
[Round "7"]
[White "Van der Wiel,J"]
[Black "Atalik,S"]
[Result "1/2-1/2"]
[WhiteElo "2505"]
[BlackElo "2618"]
[EventDate "2006.01.14"]

1. e4 c5 2. Nf3 d6 3. d4 cxd4 4. Nxd4 Nf6 5. Nc3 Nc6 6. Bg5 Bd7 7. Be2 Qa5
8. Bxf6 gxf6 9. Nb3 Qg5 10. g3 f5 11. f4 Qh6 12. exf5 Bxf5 13. Nb5 Rc8 14.
N3d4 Be4 15. Bf3 Bxf3 16. Qxf3 Bg7 17. O-O-O Qg6 18. c3 a6 19. Nxc6 Rxc6
1/2-1/2

[Event "Corus C"]
[Site "Wijk aan Zee NED"]
[Date "2006.01.21"]
[Round "7"]
[White "Adly,A"]
[Black "Bensdorp,M"]
[Result "0-1"]
[WhiteElo "2473"]
[BlackElo "2230"]
[EventDate "2006.01.14"]

1. d4 d5 2. Nf3 c6 3. e3 Nf6 4. b3 Bf5 5. Bb2 e6 6. Be2 Nbd7 7. Nbd2 Be7 8.
Ne5 Nxe5 9. dxe5 Ne4 10. O-O Nxd2 11. Qxd2 O-O 12. Bd3 Bg6 13. f4 Qb6 14.
f5 Bxf5 15. Bxf5 exf5 16. Rxf5 Bc5 17. Rf3 Rae8 18. Raf1 Re6 19. Kh1 a5 20.
Bc3 Bb4 21. Qf2 Qc7 22. Bd4 Qe7 23. Rf4 Rg6 24. g4 Qe6 25. Qf3 Be7 26. Rf5
c5 27. Bc3 b6 28. a4 Bg5 29. Be1 Qe7 30. Bg3 Re6 31. Qxd5 Bxe3 32. c3 g6
33. Rf6 Bg5 34. R6f3 Bh6 35. Rd3 Bg7 36. Re1 Re8 37. Rf3 Rd8 38. Qc4 Qb7
39. Kg2 Rd2+ 40. Re2 Rxe2+ 41. Qxe2 Bxe5 42. Bxe5 Qd5 43. c4 Qxe5 44. Qxe5
Rxe5 45. Rd3 Kg7 46. Kf3 Kf6 47. Rd6+ Re6 48. Rd7 g5 49. Rd8 h6 50. Rg8 Ke5
51. Ke3 Kd6+ 52. Kf3 Rf6+ 53. Ke3 Re6+ 54. Kf3 Ke5 55. Ke3 f5 56. gxf5
Kxf5+ 57. Kf3 h5 58. h3 Rd6 59. Rf8+ Rf6 60. Rg8 Rg6 61. Re8 g4+ 62. hxg4+
hxg4+ 63. Kg3 Rd6 64. Rf8+ Ke4 65. Re8+ Kd3 66. Kxg4 Kc2 67. Kf4 Kxb3 68.
Ke5 Rh6 69. Kd5 Kxa4 70. Re1 Kb4 71. Rb1+ Kc3 72. Ra1 Kb3 73. Rb1+ Ka2 74.
Rb5 a4 75. Ke4 Rd6 76. Ke5 Rh6 77. Ke4 a3 78. Kd5 Rg6 79. Ke5 Ka1 80. Rb3
Ka2 81. Rb5 Rg3 82. Rxb6 Rb3 83. Ra6 Rd3 84. Ra5 Kb2 85. Rb5+ Rb3 86. Ra5
a2 87. Rxa2+ Kxa2 88. Kd5 Ka3 89. Kxc5 Ka4 90. Kd6 Rc3 91. c5 Kb5 0-1

[Event "Corus C"]
[Site "Wijk aan Zee NED"]
[Date "2006.01.21"]
[Round "7"]
[White "Afek,Y"]
[Black "Bischoff,K"]
[Result "1-0"]
[WhiteElo "2370"]
[BlackElo "2560"]
[EventDate "2006.01.14"]

1. e4 e6 2. d4 d5 3. e5 c5 4. c3 Nc6 5. Nf3 Bd7 6. Be2 Nge7 7. Na3 cxd4 8.
cxd4 Nc8 9. Nc2 Be7 10. a3 a5 11. b3 a4 12. b4 N6a7 13. h4 h6 14. h5 Nb6
15. Rh3 Nb5 16. Ng1 Rc8 17. Bd3 Nc3 18. Qg4 Bf8 19. Ne2 Ne4 20. f3 Ng5 21.
Rg3 Nc4 22. Ra2 Qb6 23. Bxg5 hxg5 24. Qxg5 Bb5 25. f4 Be7 26. Qxg7 Rxh5 27.
f5 Rh1+ 28. Kf2 Nd2 29. Qg8+ Kd7 30. Qxf7 Rf1+ 31. Ke3 Rxf5 32. Bxf5 Nc4+
33. Kf2 Rf8 34. Qh7 Rxf5+ 35. Rf3 Rxf3+ 36. gxf3 Nxe5 37. Nf4 Bc4 38. Ra1
Bb3 39. Ne2 Nc4 40. Ne1 Qc7 41. Rc1 b6 42. Nd3 1-0

[Event "Corus C"]
[Site "Wijk aan Zee NED"]
[Date "2006.01.21"]
[Round "7"]
[White "Hopman,P"]
[Black "Atalik,E"]
[Result "1/2-1/2"]
[WhiteElo "2332"]
[BlackElo "2399"]
[EventDate "2006.01.14"]

1. d4 d5 2. c4 c6 3. Nc3 Nf6 4. Bg5 Nbd7 5. cxd5 cxd5 6. e3 Ne4 7. Nxe4
dxe4 8. Qd2 h6 9. Bh4 g5 10. Bg3 Bg7 11. Ne2 O-O 12. h4 e5 13. hxg5 hxg5
14. Nc3 exd4 15. exd4 Nb6 16. Rh5 1/2-1/2

[Event "Corus C"]
[Site "Wijk aan Zee NED"]
[Date "2006.01.21"]
[Round "7"]
[White "Van der Weide,K"]
[Black "Visser,Y"]
[Result "1/2-1/2"]
[WhiteElo "2466"]
[BlackElo "2485"]
[EventDate "2006.01.14"]

1. e4 e6 2. d4 d5 3. Nc3 Bb4 4. e5 b6 5. Qg4 Bf8 6. Nh3 Qd7 7. a4 Nc6 8.
Be3 Nge7 9. Nf4 g6 10. h4 h5 11. Qd1 Bb7 12. Qd2 O-O-O 13. a5 Nxa5 14. Bb5
c6 15. Bd3 Nc4 16. Bxc4 dxc4 17. Qe2 Nf5 18. Qxc4 Nxd4 19. O-O-O c5 20.
Nxg6 fxg6 21. Rxd4 Bd5 22. Nxd5 exd5 23. Qa6+ Qb7 1/2-1/2

[Event "Corus C"]
[Site "Wijk aan Zee NED"]
[Date "2006.01.25"]
[Round "10"]
[White "Atalik,S"]
[Black "Afek,Y"]
[Result "1-0"]
[WhiteElo "2618"]
[BlackElo "2370"]
[EventDate "2006.01.14"]

1. c4 Nf6 2. d4 c5 3. d5 b5 4. cxb5 a6 5. bxa6 g6 6. Nc3 Bxa6 7. g3 d6 8.
Bg2 Bg7 9. Nf3 O-O 10. O-O Nbd7 11. Qc2 Qa5 12. Rd1 Rfb8 13. Bd2 Ra7 14.
Rab1 Nb6 15. a4 Bc8 16. b3 Rab7 17. e4 Na8 18. Nb5 Qa6 19. Bf1 Bg4 20. Kg2
Qb6 21. h3 Bxf3+ 22. Kxf3 Nc7 23. Kg2 Nxb5 24. Bxb5 Ne8 25. Bc6 Ra7 26. b4
cxb4 27. Rxb4 Qd8 28. Rxb8 Qxb8 29. Rb1 Qc8 30. Qb3 1-0

[Event "Corus C"]
[Site "Wijk aan Zee NED"]
[Date "2006.01.25"]
[Round "10"]
[White "Bensdorp,M"]
[Black "Van der Weide,K"]
[Result "1/2-1/2"]
[WhiteElo "2230"]
[BlackElo "2466"]
[EventDate "2006.01.14"]

1. d4 Nf6 2. c4 c5 3. d5 b5 4. cxb5 a6 5. bxa6 g6 6. Nc3 Bxa6 7. g3 d6 8.
Bg2 Bg7 9. Nf3 Nbd7 10. Rb1 Nb6 11. b3 Bc8 12. Nh4 h6 13. Qc2 Qd7 14. O-O
g5 15. Nf3 Qf5 16. e4 Qg6 17. Bb2 O-O 18. Rbc1 Ng4 19. a4 Ba6 20. Rfd1 Nd7
21. Nb5 Bxb5 22. Bxg7 Qxg7 23. axb5 Ra5 24. Qe2 Nge5 25. Nxe5 Qxe5 26. f4
Qg7 27. e5 Rb8 28. exd6 exd6 29. Qe7 Nf8 30. Qxd6 Raxb5 31. f5 Rxb3 32.
Rxc5 Rb1 33. Rcc1 Rxc1 34. Rxc1 Qd4+ 35. Kh1 Rb6 36. Qe7 Kg7 37. Qe4 Qxe4
38. Bxe4 Rb4 39. Re1 Nd7 40. Bf3 Kf6 41. h3 Ne5 42. Be4 h5 43. Re2 g4 44.
hxg4 hxg4 45. Kg2 Nc4 46. Bd3 Nd6 47. Bc2 Rd4 48. Rf2 Rxd5 49. Bb3 Rd4 50.
Bc2 Nc4 51. Re2 Ne5 52. Be4 Kg5 53. Kh2 f6 54. Kg2 Ra4 55. Kf2 Nc4 56. Kg2
Nd6 57. Bd3 Ra3 58. Bb1 Rb3 59. Be4 Nxe4 60. Rxe4 Rb2+ 61. Kg1 Kxf5 62.
Rf4+ Kg5 63. Ra4 f5 64. Ra6 Rc2 1/2-1/2

[Event "Corus C"]
[Site "Wijk aan Zee NED"]
[Date "2006.01.25"]
[Round "10"]
[White "Marcelin,C"]
[Black "Van der Wiel,J"]
[Result "1/2-1/2"]
[WhiteElo "2441"]
[BlackElo "2505"]
[EventDate "2006.01.14"]

1. d4 Nf6 2. Bg5 e6 3. Nd2 h6 4. Bh4 d5 5. e3 Be7 6. Bd3 b6 7. Qe2 Bb7 8.
Ngf3 Nbd7 9. c3 Ne4 10. Bxe7 Qxe7 11. O-O O-O 12. a4 1/2-1/2

[Event "Corus C"]
[Site "Wijk aan Zee NED"]
[Date "2006.01.25"]
[Round "10"]
[White "Atalik,E"]
[Black "Visser,Y"]
[Result "0-1"]
[WhiteElo "2399"]
[BlackElo "2485"]
[EventDate "2006.01.14"]

1. d4 Nf6 2. c4 g6 3. Nc3 Bg7 4. e4 d6 5. Bd3 O-O 6. Nge2 c5 7. d5 e6 8. h3
exd5 9. exd5 Ne8 10. O-O Nd7 11. f4 f5 12. Qc2 Nc7 13. a4 Na6 14. Na2 Re8
15. Bd2 Nf6 16. Rae1 Nh5 17. Kh2 Qh4 18. Rf3 Nf6 19. g3 Qh5 20. Kg2 Bd7 21.
Ng1 Rxe1 22. Bxe1 Re8 23. Bc3 Qh6 24. b3 Ne4 25. Bxe4 Rxe4 26. Qd2 Nc7 27.
Re3 Bxc3 28. Nxc3 Rxe3 29. Qxe3 Qg7 30. Nf3 h6 31. h4 Ne8 32. h5 gxh5 33.
Nh4 Nf6 34. Qd3 Ng4 35. Nf3 a6 36. a5 Qe7 37. Qe2 Qf6 38. Nd1 Kf7 39. Nf2
Qc3 40. Qd3 Ne3+ 41. Kh3 Qc1 42. Qe2 Ng4 43. Kg2 Qc3 44. Nd3 Qxb3 45. Nfe5+
dxe5 46. Nxe5+ Nxe5 47. fxe5 Kg6 48. e6 Be8 49. e7 Qc3 50. Qe6+ Kg7 51. Qc8
Qd2+ 52. Kf1 Qd1+ 53. Kf2 Qd4+ 0-1

[Event "Corus C"]
[Site "Wijk aan Zee NED"]
[Date "2006.01.25"]
[Round "10"]
[White "Werle,J"]
[Black "Hopman,P"]
[Result "0-1"]
[WhiteElo "2514"]
[BlackElo "2332"]
[EventDate "2006.01.14"]

1. Nf3 d6 2. d4 Bg4 3. c4 Nd7 4. Nc3 Bxf3 5. exf3 e6 6. Be2 Ne7 7. d5 e5 8.
O-O Ng6 9. g3 Be7 10. h4 Bf6 11. Qc2 Ne7 12. f4 O-O 13. f5 g6 14. fxg6 hxg6
15. Bd3 Bg7 16. Be3 f5 17. f4 Kh8 18. Kg2 Ng8 19. h5 Ngf6 20. hxg6 Ng4 21.
Bg1 e4 22. Be2 Ndf6 23. Nb5 c5 24. dxc6 bxc6 25. Nd4 Qd7 26. Qa4 Rac8 27.
Rad1 Nh6 28. Nc2 Rc7 29. b4 Nfg8 30. c5 d5 31. b5 Ne7 32. b6 Rb7 33. Qb4
Nxg6 34. a4 Rg8 35. Bd4 Nf8 36. Rh1 Kh7 37. Rh4 Ng6 38. Rdh1 Nxh4+ 39. Rxh4
Qe7 40. Rh3 axb6 41. Bxg7 Rxg7 42. Ne3 Qxc5 0-1

[Event "Corus C"]
[Site "Wijk aan Zee NED"]
[Date "2006.01.25"]
[Round "10"]
[White "Li Shilong"]
[Black "Bischoff,K"]
[Result "1-0"]
[WhiteElo "2543"]
[BlackElo "2560"]
[EventDate "2006.01.14"]

1. e4 c5 2. Nf3 Nc6 3. d4 cxd4 4. Nxd4 Qb6 5. Nb3 Nf6 6. Nc3 e6 7. Bd3 d6
8. O-O Be7 9. Be3 Qc7 10. f4 a6 11. Qf3 O-O 12. Rae1 b5 13. e5 dxe5 14.
fxe5 Nd7 15. Bf4 Bb7 16. Qg3 Nb4 17. Bh6 g6 18. Be4 Nc6 19. Bxf8 Rxf8 20.
Bxc6 Bxc6 21. Kh1 b4 22. Ne4 Bxe4 23. Rxe4 Qxc2 24. Rd4 Qe2 25. Re1 Qb5 26.
Rdd1 Nb6 27. Nd4 Qc5 28. Qg4 Qd5 29. b3 Rc8 30. Qf4 Qb7 31. Rc1 Rc3 32.
Rxc3 bxc3 33. Rf1 Bc5 34. Nc2 Nd5 35. Qf3 a5 36. a3 Qc7 37. h3 h5 38. Qe4
Bf8 39. Re1 Qb6 40. Qc4 Qf2 41. Qe2 Qb6 42. Rb1 Qc7 43. b4 axb4 44. axb4
Bg7 45. Re1 Bh6 46. Qb5 Bd2 47. Ra1 Kg7 48. Ra8 h4 49. Qe8 Kh6 50. Qh8+ Kg5
51. Rc8 Qa7 52. Rc4 Bf4 53. Qd8+ f6 54. exf6 Qf2 55. f7+ Nf6 56. Qxf6+ 1-0

[Event "Corus C"]
[Site "Wijk aan Zee NED"]
[Date "2006.01.25"]
[Round "10"]
[White "Jonkman,H"]
[Black "Adly,A"]
[Result "1/2-1/2"]
[WhiteElo "2470"]
[BlackElo "2473"]
[EventDate "2006.01.14"]

1. e4 c5 2. c3 d5 3. exd5 Qxd5 4. d4 Nc6 5. Nf3 cxd4 6. cxd4 e5 7. Nc3 Bb4
8. Bd2 Bxc3 9. Bxc3 e4 10. Ne5 Nxe5 11. dxe5 Ne7 12. Be2 Bd7 13. O-O Bc6
14. Qc1 Qe6 15. Rd1 Ng6 16. Rd6 Qe7 17. Bb4 O-O 18. Rxg6 Qxb4 19. Rxg7+
Kxg7 20. Qg5+ Kh8 21. Qf6+ Kg8 22. Qg5+ Kh8 23. Qf6+ Kg8 24. Qg5+ Kh8 25.
Qf6+ 1/2-1/2

[Event "Corus C"]
[Site "Wijk aan Zee NED"]
[Date "2006.01.28"]
[Round "12"]
[White "Jonkman,H"]
[Black "Afek,Y"]
[Result "1/2-1/2"]
[WhiteElo "2470"]
[BlackElo "2370"]
[EventDate "2006.01.14"]

1. e4 c5 2. c3 d5 3. exd5 Qxd5 4. d4 cxd4 5. cxd4 Nc6 6. Nf3 Bg4 7. Be2 e6
8. h3 Bh5 9. Nc3 Qd6 10. Nb5 Qd8 11. O-O Nf6 12. Bf4 Nd5 13. Bh2 a6 14. Nc3
Bd6 15. Bxd6 Qxd6 16. Ne4 Qe7 17. Qd2 O-O 18. Ne5 Bxe2 19. Nxc6 bxc6 20.
Qxe2 a5 21. Rac1 Rfb8 22. a3 Rb6 23. Rc2 Rab8 24. Nc5 Qg5 25. Na4 Rb3 26.
Qe5 Qxe5 27. dxe5 Nf4 28. Rxc6 Nd3 29. Ra6 Nxe5 30. Rc1 Nd3 31. Rc7 R3b5
32. Raa7 Rf5 33. Rab7 Rf8 34. Rc2 h5 35. h4 Ne5 36. Rbc7 Rf4 37. Nc5 Rxh4
38. Re2 Ng6 39. g3 Rc4 40. Nxe6 Rc8 41. Rxc8+ Rxc8 42. Nd4 h4 43. Rc2 Rd8
44. Nc6 Rd1+ 45. Kg2 hxg3 46. Kxg3 Rd3+ 47. f3 a4 48. Rc4 Rd2 49. Rxa4 Rxb2
50. Ra8+ Kh7 51. a4 Rc2 52. Nd4 Rc4 53. Nb5 Rb4 54. Nd6 Ne5 55. f4 Rb3+ 56.
Kg2 Ng6 57. Nxf7 1/2-1/2

[Event "Corus C"]
[Site "Wijk aan Zee NED"]
[Date "2006.01.28"]
[Round "12"]
[White "Werle,J"]
[Black "Van der Weide,K"]
[Result "1-0"]
[WhiteElo "2514"]
[BlackElo "2466"]
[EventDate "2006.01.14"]

1. Nf3 Nf6 2. c4 g6 3. Nc3 d5 4. Qa4+ Bd7 5. Qb3 dxc4 6. Qxc4 Bg7 7. e4 Bc6
8. d3 O-O 9. Be2 a6 10. O-O b5 11. Qb3 e6 12. Bg5 h6 13. Be3 Nbd7 14. h3
Qe7 15. Qc2 Bb7 16. a4 b4 17. Nb1 c5 18. Nbd2 Rac8 19. Nc4 Rfd8 20. Nfd2
Ne8 21. Nb3 Nd6 22. Nca5 Ba8 23. Rac1 Qf6 24. Rb1 Qh4 25. f3 Qg3 26. Qc1
Be5 27. f4 c4 28. Rf3 Qh4 29. Nxc4 Nxc4 30. dxc4 Bxe4 31. fxe5 Bxf3 32. Bf2
Qe7 33. Bxf3 Nxe5 34. Be2 Nd3 35. Qxh6 Nxf2 36. Kxf2 Rc5 37. Qe3 Qf6+ 38.
Kg1 Re5 39. Qf2 Qg5 40. Rf1 Rf5 41. Qb6 Rxf1+ 42. Kxf1 e5 43. Qf2 e4 44. c5
Qe5 45. Qe3 Qxb2 46. Kg1 Qc3 47. Qxc3 bxc3 48. Bxa6 c2 49. c6 Rd1+ 50. Kf2
c1=Q 51. Nxc1 Rxc1 52. Bb7 f5 53. a5 f4 54. a6 e3+ 55. Kf3 Kh7 56. a7 Rf1+
57. Ke2 Rf2+ 58. Ke1 Rxg2 59. c7 1-0

[Event "Corus C"]
[Site "Wijk aan Zee NED"]
[Date "2006.01.28"]
[Round "12"]
[White "Van der Wiel,J"]
[Black "Adly,A"]
[Result "1/2-1/2"]
[WhiteElo "2505"]
[BlackElo "2473"]
[EventDate "2006.01.14"]

1. e4 c5 2. Nf3 d6 3. d4 cxd4 4. Nxd4 Nf6 5. Nc3 a6 6. Be3 Ng4 7. Bg5 h6 8.
Bh4 g5 9. Be2 Bg7 10. Bg3 h5 11. Bxg4 hxg4 12. O-O Nc6 13. Nf5 Bxf5 14.
exf5 Bxc3 15. bxc3 f6 1/2-1/2

[Event "Corus C"]
[Site "Wijk aan Zee NED"]
[Date "2006.01.28"]
[Round "12"]
[White "Li Shilong"]
[Black "Atalik,E"]
[Result "1/2-1/2"]
[WhiteElo "2543"]
[BlackElo "2399"]
[EventDate "2006.01.14"]

1. c4 e5 2. b3 Nc6 3. Bb2 Nf6 4. e3 d5 5. cxd5 Nxd5 6. a3 Bd6 7. Qc2 O-O 8.
Nf3 Nb6 9. d3 f5 10. Nbd2 Qe8 11. g3 Qh5 12. Bg2 Bd7 13. O-O Rae8 14. d4 e4
15. Ne5 Nxe5 16. dxe5 Bxe5 17. Bxe5 Rxe5 18. Qxc7 Re6 19. Qxb7 Rh6 20. h3
f4 21. Qxe4 Bc6 22. g4 Qh4 23. Nf3 Bxe4 24. Nxh4 f3 25. Nxf3 Bxf3 26. Rac1
Rhf6 27. Rc2 h5 28. Bxf3 Rxf3 29. Kg2 hxg4 30. hxg4 Nd5 31. Re1 Ne7 32. Rh1
Ng6 33. Rh3 R3f6 34. Rh5 Re6 35. Rcc5 Rd8 36. Rhd5 Rf8 37. Kg3 a6 38. Rc3
Ne5 39. f4 Nf7 40. Rcd3 Rc8 41. Kf3 Rc1 42. Rd1 Rc3 43. R5d3 Rc2 44. R1d2
Rc1 45. Rd1 Rc2 46. g5 Rh2 47. b4 g6 48. Rc1 Rh3+ 49. Ke2 Rh2+ 50. Kf3 Rh3+
51. Kf2 Nd6 52. Rc7 Kf8 53. a4 Ke8 54. Ra7 Nf5 55. Ra8+ Ke7 56. Ra7+ Ke8
57. Ra8+ Ke7 58. Ra7+ Ke8 59. Ra8+ Ke7 1/2-1/2

[Event "Corus C"]
[Site "Wijk aan Zee NED"]
[Date "2006.01.28"]
[Round "12"]
[White "Bensdorp,M"]
[Black "Bischoff,K"]
[Result "0-1"]
[WhiteElo "2230"]
[BlackElo "2560"]
[EventDate "2006.01.14"]

1. d4 Nf6 2. c4 d6 3. Nf3 Nbd7 4. Nc3 c6 5. g3 e5 6. dxe5 dxe5 7. Bg2 Be7
8. O-O O-O 9. b3 Qc7 10. Qc2 Re8 11. Bb2 Bf8 12. Rad1 a5 13. Nd2 Nc5 14.
Nde4 Nfxe4 15. Nxe4 f5 16. Nxc5 Bxc5 17. e3 Qf7 18. Rd2 f4 19. exf4 exf4
20. Qd1 Qg6 21. Bd4 Bb4 22. Re2 Rd8 23. a3 Bxa3 24. Qa1 Bb4 25. Re4 Rf8 26.
Qb1 Bf5 0-1

[Event "Corus C"]
[Site "Wijk aan Zee NED"]
[Date "2006.01.28"]
[Round "12"]
[White "Atalik,S"]
[Black "Visser,Y"]
[Result "1-0"]
[WhiteElo "2618"]
[BlackElo "2485"]
[EventDate "2006.01.14"]

1. d4 Nf6 2. c4 g6 3. Nc3 Bg7 4. e4 d6 5. Nf3 O-O 6. Be2 e5 7. O-O Nc6 8.
d5 Ne7 9. Bd2 Kh8 10. Rc1 Ne8 11. Ne1 c5 12. g4 f5 13. f3 Ng8 14. Ng2 Bd7
15. Kh1 Qe7 16. exf5 gxf5 17. f4 fxg4 18. Bxg4 Nef6 19. Bxd7 Nxd7 20. Qg4
Rae8 21. Rce1 a6 22. Qh3 Rf6 23. Ne4 Rh6 24. Qb3 Rh5 25. Qxb7 Rb8 26. Qxa6
Rxb2 27. Qxd6 Rxd2 28. Qxe7 Rxg2 29. Kxg2 Nxe7 30. Ng3 Rh6 31. fxe5 Nxe5
32. Nf5 Rg6+ 33. Kh1 Nxf5 34. Rxf5 Rg4 35. Rfxe5 Bxe5 36. Rxe5 Rxc4 37. d6
Rd4 38. Rxc5 Rxd6 39. Rc2 Kg7 40. Rg2+ Kf6 41. a4 Ra6 42. Rg4 Ke5 43. Kg2
Rb6 44. Kg3 Rb2 45. a5 Ra2 46. Rg5+ Kf6 47. h4 Ra3+ 48. Kg4 Ra4+ 49. Kh5
Rb4 50. Rc5 Ra4 51. Rc6+ Kg7 52. Ra6 Rc4 53. Ra7+ Kf6 54. a6 Rc5+ 55. Kh6
Kf5 56. Kxh7 Kg4 57. Rg7+ Kxh4 58. a7 Rc8 59. Kh6 1-0

[Event "Corus C"]
[Site "Wijk aan Zee NED"]
[Date "2006.01.28"]
[Round "12"]
[White "Marcelin,C"]
[Black "Hopman,P"]
[Result "1-0"]
[WhiteElo "2441"]
[BlackElo "2332"]
[EventDate "2006.01.14"]

1. d4 d6 2. e4 Nf6 3. Nc3 g6 4. Be3 c6 5. Qd2 b5 6. Bd3 e5 7. dxe5 dxe5 8.
h3 Nbd7 9. Nf3 Bg7 10. a4 b4 11. Ne2 Qe7 12. c3 c5 13. Qc2 O-O 14. Ng3 Bb7
15. a5 Rac8 16. Bc4 Ne8 17. a6 Bc6 18. cxb4 cxb4 19. Bd5 Nd6 20. Bxc6 Nb8
21. O-O Nxc6 22. Qa4 Nc4 23. Rfc1 Nd4 24. Bxd4 exd4 25. Qb3 Qc5 26. Ra4 d3
27. Rxb4 d2 28. Nxd2 Nxd2 29. Rxc5 Nxb3 30. Rxc8 Rxc8 31. Rxb3 Rc1+ 32. Nf1
Bd4 33. Rd3 Bb6 34. Rb3 Rc4 35. Ne3 Rxe4 36. Kf1 Ra4 37. Nd5 Rxa6 38. Nxb6
Rxb6 39. Rxb6 axb6 40. Ke2 Kf8 41. Kd3 Ke7 42. Kc4 Kd6 43. Kb5 Kc7 44. h4
h5 45. Ka6 f6 46. f4 Kc6 47. b4 1-0

[Event "Corus C"]
[Site "Wijk aan Zee NED"]
[Date "2006.01.29"]
[Round "13"]
[White "Visser,Y"]
[Black "Werle,J"]
[Result "1/2-1/2"]
[WhiteElo "2485"]
[BlackElo "2514"]
[EventDate "2006.01.14"]

1. e4 e5 2. Nf3 Nf6 3. Nxe5 d6 4. Nf3 Nxe4 5. Qe2 Qe7 6. d3 Nf6 7. Bg5
Qxe2+ 8. Bxe2 Be7 9. Nc3 c6 10. O-O-O Na6 11. Ne4 Nxe4 12. dxe4 Nc5 1/2-1/2

[Event "Corus C"]
[Site "Wijk aan Zee NED"]
[Date "2006.01.29"]
[Round "13"]
[White "Afek,Y"]
[Black "Marcelin,C"]
[Result "0-1"]
[WhiteElo "2370"]
[BlackElo "2441"]
[EventDate "2006.01.14"]

1. Nf3 Nf6 2. c4 g6 3. g3 Bg7 4. Bg2 O-O 5. O-O d6 6. d4 Nc6 7. Nc3 a6 8.
d5 Na5 9. Nd2 c5 10. Qc2 Rb8 11. Rb1 Bd7 12. a3 b5 13. cxb5 axb5 14. b4
cxb4 15. axb4 Qc7 16. Qd3 Rfc8 17. bxa5 Qxc3 18. Qxc3 Rxc3 19. Bb2 Rc2 20.
Nb3 Rxe2 21. Nd4 Rd2 22. Nc6 Bxc6 23. dxc6 Ne8 24. Bxg7 Kxg7 25. Ra1 Nc7
26. Rfb1 Rc2 27. a6 Ra8 28. a7 d5 29. Bf1 Rc5 30. Ra5 e6 0-1

[Event "Corus C"]
[Site "Wijk aan Zee NED"]
[Date "2006.01.29"]
[Round "13"]
[White "Van der Weide,K"]
[Black "Jonkman,H"]
[Result "1-0"]
[WhiteElo "2466"]
[BlackElo "2470"]
[EventDate "2006.01.14"]

1. e4 e5 2. Nf3 Nc6 3. d4 exd4 4. Nxd4 Bc5 5. Be3 Qf6 6. c3 Qg6 7. Nd2 Nf6
8. f4 Nxd4 9. cxd4 Bb4 10. f5 Qg4 11. e5 Qh4+ 12. Bf2 Qe4+ 13. Be2 Bxd2+
14. Qxd2 Qxg2 15. Rf1 Ne4 16. Qf4 d5 17. exd6 O-O 18. dxc7 g5 19. fxg6 hxg6
20. Bf3 Qg5 21. Qxe4 Qa5+ 22. Kd1 Qxc7 23. Bg3 Qb6 24. Be5 Re8 25. Rg1 Bd7
26. Qxb7 Qe6 27. Qd5 Qa6 28. Be2 Qb6 29. Qd6 Ba4+ 30. b3 Bxb3+ 31. axb3
Qxb3+ 32. Ke1 Re6 33. Qa3 Qc2 34. Rc1 Qe4 35. Qf3 Qh4+ 36. Kf1 Rd8 37. Rc7
Qh7 38. Bc4 1-0

[Event "Corus C"]
[Site "Wijk aan Zee NED"]
[Date "2006.01.29"]
[Round "13"]
[White "Hopman,P"]
[Black "Van der Wiel,J"]
[Result "1/2-1/2"]
[WhiteElo "2332"]
[BlackElo "2505"]
[EventDate "2006.01.14"]

1. d4 Nf6 2. c4 e6 3. Nc3 Bb4 4. Qc2 O-O 5. a3 Bxc3+ 6. Qxc3 d6 7. Nf3 b6
8. e3 Bb7 9. Be2 Nbd7 10. O-O a5 11. b3 Ne4 12. Qc2 f5 13. Bb2 Qe7 14. b4
Ndf6 1/2-1/2

[Event "Corus C"]
[Site "Wijk aan Zee NED"]
[Date "2006.01.29"]
[Round "13"]
[White "Adly,A"]
[Black "Li Shilong"]
[Result "0-1"]
[WhiteElo "2473"]
[BlackElo "2543"]
[EventDate "2006.01.14"]

1. d4 Nf6 2. c4 c5 3. d5 e5 4. Nc3 d6 5. e4 Be7 6. h3 Nbd7 7. Bd3 Nf8 8.
Be3 Ng6 9. Qd2 Bd7 10. Rb1 Nh4 11. Kf1 Ng6 12. g3 h5 13. b4 b6 14. bxc5
bxc5 15. f4 exf4 16. gxf4 h4 17. Nf3 Nh5 18. Ne2 Rb8 19. e5 dxe5 20. fxe5
Rxb1+ 21. Bxb1 Nxe5 22. Nxe5 Qb8 23. d6 Qxb1+ 24. Kg2 Qe4+ 25. Nf3 Bf6 26.
Bxc5 O-O 27. Bd4 Re8 28. Re1 Bc6 29. Qc3 Qg6+ 30. Kf2 Ng3 31. Nf4 Ne4+ 32.
Kf1 Qg3 33. Qe3 Nxd6 34. Ne5 Qxe3 35. Rxe3 Nf5 36. Nxc6 Nxe3+ 37. Bxe3 Rxe3
38. Nd5 Re4 39. Na5 Kf8 40. Kf2 Bd8 41. Nb7 Be7 42. c5 Rc4 43. Ke3 Bxc5+
0-1